000 00251nam a22001217a 4500
003 SGT
082 _bSHA
100 _aSHARMA, RAJNI
245 _aSAMKALIN BHART OR SHIKSA
260 _aDELHI
_bSHIKSHA PUB.
_c2019
300 _a261
942 _2ddc
_cBK
999 _c19931
_d19931